000 00648nam a2200241Ia 4500
005 20250425160701.0
008 250425s9999 xx 000 0 und d
020 _a970625000x
041 _aspa
082 _a001.422
100 _aLAWSON, JOHN
245 0 _aESTRATEGIAS EXPERIMENTALES PARA MEJORAMIENTO DE LA CALIDAD EN LA INDUSTRIA
250 _a1A ED.
260 _aMEXICO
260 _aMéxico
_bGRUPO EDITORIAL IBEROAMERICA
_c1992
300 _a378
650 _aANALISIS DE REGRESION
650 _aANALISIS FACTORIAL
650 _aDISEÑO Y ANALISIS DE EXPERIMENTOS
650 _aESTADISTICA
942 _c01
010 _a2243
999 _c194061
_d194061